000 00891cam a2200265u 4500
999 _c22406
_d22406
001 9731422
003 BDDh-ASL
005 20231015030129.0
008 830216s1935 ii h 000 0 eng
010 _a 42050653
040 _aDLC
_cCarP
_dDLC
_dBDDh-ASL
043 _aa-ii---
050 0 0 _aDS485.K2
_bK14 1935
082 _a954
_bKAR
100 0 _aKalhaṇa,
_dactive 12th century.
240 1 0 _aRajatarañginī.
_lEnglish.
245 1 0 _aRājaṭarañgiṇi :
_bthe saga of the kings of Kaśmīr /
260 _aAllahabad, India :
_bThe Indian press, ltd.
_c[1935]
300 _axxxv, 645 p. :
_bxxi pl. (incl. col. front., facsim.) on 11 l.
_c29 x 23 cm.
651 0 _aJammu and Kashmir (India)
_xHistory.
700 1 _aPandit, Ranjit Sitaram, [from old catalog]
_etr.
740 0 _aRiver of kings.
906 _a0
_bcbc
_cpremunv
_du
_encip
_f19
_gy-gencatlg
942 _2ddc
_cBK